Mrs Frisby and the Rats of Nimh / (Registro nro. 10230)

Detalles MARC
000 -LEADER
fixed length control field 00760nam a22002537a 4500
001 - CONTROL NUMBER
control field 00003265
003 - CONTROL NUMBER IDENTIFIER
control field DO-SdBNP
005 - DATE AND TIME OF LATEST TRANSACTION
control field 20180207131955.0
007 - PHYSICAL DESCRIPTION FIXED FIELD--GENERAL INFORMATION
fixed length control field 00003265
008 - FIXED-LENGTH DATA ELEMENTS--GENERAL INFORMATION
fixed length control field 160530b 1971 xxu ||||| |||| 00| 0 spa d
020 ## - INTERNATIONAL STANDARD BOOK NUMBER
International Standard Book Number 0590417088
040 ## - CATALOGING SOURCE
Original cataloging agency BPMSU
Language of cataloging spa
Transcribing agency BPMSU
100 1# - MAIN ENTRY--PERSONAL NAME
Personal name O'Brien, Robert C.
240 10 - UNIFORM TITLE
Uniform title <a href="Mrs. Frisby and the rats of NIMH.">Mrs. Frisby and the rats of NIMH.</a>
Language of a work Español
245 10 - TITLE STATEMENT
Title Mrs Frisby and the Rats of Nimh /
Remainder of title Robert C. O'Brien.
260 ## - PUBLICATION, DISTRIBUTION, ETC. (IMPRINT)
Place of publication, distribution, etc. New York :
Name of publisher, distributor, etc. Scholastic,
Date of publication, distribution, etc. 1971.
Date of manufacture 1982
300 ## - PHYSICAL DESCRIPTION
Extent 249 p. ;
Dimensions 20 cm.
490 1# - SERIES STATEMENT
Series statement An Apple paperback
500 ## - GENERAL NOTE
General note Hardcover title: Mrs. Frisby and the rats of NIMH.
830 #0 - SERIES ADDED ENTRY--UNIFORM TITLE
Name of part/section of a work An Apple paperback
942 ## - ADDED ENTRY ELEMENTS (KOHA)
Source of classification or shelving scheme Dewey Decimal Classification
Koha item type Libros
945 ## - LOCAL PROCESSING INFORMATION (OCLC)
a Inventariado, 2018 /LP
956 ## - LOCAL ELECTRONIC LOCATION AND ACCESS (OCLC)
Host name LOPEREZ
Access number 10
Compression information 20160530
Existencias
Withdrawn status Lost status Source of classification or shelving scheme Damaged status Not for loan Collection code Home library Current library Date acquired Source of acquisition Total Checkouts Barcode Date last seen Copy number Price effective from Koha item type
    Dewey Decimal Classification     Colección General Biblioteca Pública Metropolitana Salomé Ureña Biblioteca Pública Metropolitana Salomé Ureña 05/30/2016 Donación   BPMSU16050457 05/30/2016 Ej. 1 05/30/2016 Libros